000 00818nam a2200253Ia 4500
003 OSt
005 20220925164643.0
006 a|||||r|||| 00| 0
007 ta
008 220923b |||||||| |||| 00| 0 eng d
037 _cGeneral Book
040 _aRTL
_cRTL
_beng
041 _2eng
_aeng
082 _aX:97.1.N9, N5
100 _aSchor Juliet Ed.
_9230921
245 0 _aCapital the state and labour
_b A global perspective
260 _aAldershor
_bEdward Elgar
_c1995
300 _axiv, 391p. Bib chapterwise
_ccm.
490 _aWorld Institute for Decelopment Economic sResearch Publications
650 _aIndustrial Relation
_9230922
700 _a You Jong-IL Ed.
_9230923
942 _hX:97.1.N9, N5
_cGB
_2CC
999 _c475622
_d475622